000
00323nam a2200133Ia 4500
008
240624s9999 xx 000 0 und d
041
_a
eng
082
_a
920 SEN
100
_a
SEN AMARTYA
245
_a
HOME IN THE WORLD A MEMOIR
260
_c
2021
_a
New Delhi
_b
Penguin Books
300
_a
463p. ;23cm.
365
_c
RS
_b
33
999
_c
32654
_d
32654